|
|
|
|
| LEADER |
00000nam0a2200000 4500 |
| 001 |
352884 |
| 005 |
20231102010536.0 |
| 035 |
|
|
|a (RuTPU)RU\TPU\retro\9761
|
| 090 |
|
|
|a 352884
|
| 100 |
|
|
|a 20200213d1955 k y0rusy50 ca
|
| 101 |
0 |
|
|a rus
|
| 102 |
|
|
|a RU
|
| 105 |
|
|
|a a z 000zy
|
| 200 |
1 |
|
|a К вопросу о схеме автоматического регулирования котельных агрегатов при их параллельной работе
|e [оттиск статьи]
|f И. К. Лебедев
|g Томский политехнический институт
|
| 210 |
|
|
|a Томск
|d 1955
|
| 215 |
|
|
|a С. 48-53
|c ил.
|
| 225 |
1 |
|
|a Известия Томского Политехнического Института
|v Т. 80
|
| 316 |
|
|
|5 63413507: ШкА/6144
|a На форзаце дарственная надпись: "Научно-технической библиотеке ТТИ от автора 26/V.55 г."
|
| 606 |
1 |
|
|a Котельные установки
|x Автоматическое регулирование
|2 stltpush
|3 (RuTPU)RU\TPU\subj\15981
|9 42176
|
| 610 |
1 |
|
|a горение
|
| 610 |
1 |
|
|a котлы
|
| 610 |
1 |
|
|a пар
|
| 610 |
1 |
|
|a регуляторы автоматические
|
| 610 |
1 |
|
|a характеристики
|
| 610 |
1 |
|
|a статистические характеристики
|
| 610 |
1 |
|
|a нагрузки
|
| 610 |
1 |
|
|a дарственная надпись
|
| 610 |
1 |
|
|a дары автора
|
| 610 |
1 |
|
|a дары библиотеке
|
| 610 |
1 |
|
|a коллекция ТПУ
|
| 610 |
1 |
|
|a труды учёных ТПУ
|
| 675 |
|
|
|a 621.18-5
|v 3
|
| 700 |
|
1 |
|a Лебедев
|b И. К.
|c российский ученый
|c энергетик
|c профессор Томского политехнического института
|f 1911-1995
|g Иван Кириллович
|x TPU
|2 stltpush
|3 (RuTPU)RU\TPU\pers\19832
|
| 712 |
0 |
2 |
|a Томский политехнический институт
|c (1944-1991)
|2 stltpush
|3 (RuTPU)RU\TPU\col\1123
|9 23521
|
| 801 |
|
1 |
|a RU
|b 63413507
|c 20200213
|
| 801 |
|
2 |
|a RU
|b 63413507
|c 20200220
|g RCR
|
| 942 |
|
|
|c BK
|